000 00968cam a2200337 a 4500
001 000081952
003 CHAP
005 20220329142118.0
008 990721d1969 mx a r 00010 spa d
010 _a78589
011 _a79561
035 _a89824
040 _cCHAP
082 0 4 _a523.1
_bF4
100 0 0 _aFeinstein, Alejandro.
_939975
245 1 0 _aAstronomía elemental /
_c/por Alejandro Feinstein.
260 _aBuenos Aires :
_bKapelusz,
_c1969.
300 _a258 p. :
_bilus.
590 _aBATCH-UPD
_b10
_c20130110
_lUCH01
_h0413
590 _aBATCH-UPD
_b10
_c20130110
_lUCH01
_h2108
590 _aBATCH-UPD
_b10
_c20130410
_lUCH01
_h0048
590 _aBATCH-UPD
_b10
_c20130914
_lUCH01
_h0424
590 _aCONVERSION
_b10
_c20130109
_lUCH01
_h1344
590 _aE11695DGD
_b10
_c20151005
_lUCH01
_h0727
650 1 4 _aAstronomía.
_98199
650 1 4 _aCosmología.
_928452
901 _aBK
905 _aBlanca M. García O.
942 _cLIBRO
942 _n0
999 _c78589
_d78589